「峠」がつく駅 - Statistics

General Stats
  • This quiz has been taken 131 times
  • The average score is 2 of 5
Answer Stats
Answer % Correct
97%
三つ峠
37%
梅ケ峠
29%
紀見峠
28%
湯ノ峠
20%
No matching quizzes found
Score Distribution
Percent of People with Each Score
Percentile by Number Answered
Your Score History
You have not taken this quiz